书目信息 |
| 题名: |
掺镜激光晶体材料
|
|
| 作者: | 徐晓东 , 苏良碧 , 徐军 编著 | |
| 分册: | ||
| 出版信息: | 上海 上海科学普及出版社 2005.12 |
|
| 页数: | 125页 | |
| 开本: | 26cm | |
| 丛书名: | ||
| 单 册: | ||
| 中图分类: | TN244 | |
| 科图分类: | ||
| 主题词: | 微波激射技术 , 激光材料:晶体材料--研究 | |
| 电子资源: | ||
| ISBN: | 7-5427-3417-2 | |
| 000 | 00713nam0 2200229 450 | |
| 001 | 0657382484 | |
| 005 | 20061010151912.39 | |
| 010 | @a7-5427-3417-2@dCNY 48.00 | |
| 100 | @a20060817d2005 km y0chiy0120 ea | |
| 101 | 0 | @achi |
| 102 | @aCN@b310000 | |
| 200 | 1 | @a掺镜激光晶体材料@Achan jing ji guang jing ti cai liao@f徐军,徐晓东,苏良碧编著@Fxu jun,xu xiao dong,su liang bi bian zhu |
| 210 | @a上海@c上海科学普及出版社@d2005.12 | |
| 215 | @a125页@d26cm | |
| 606 | 0 | @a微波激射技术 |
| 606 | 0 | @a激光材料:晶体材料@x研究 |
| 690 | @aTN244@v4 | |
| 701 | 0 | @a徐晓东@Axu xiao dong@4编著 |
| 701 | 0 | @a苏良碧@Asu liang bi@4编著 |
| 701 | 0 | @a徐军@Axu jun@4编著 |
| 801 | @aCN@c20061010 | |
| 905 | @apdsgxy@dTN244@eX735 | |
| 掺镜激光晶体材料/徐军,徐晓东,苏良碧编著.-上海:上海科学普及出版社,2005.12 |
| 125页;26cm |
| ISBN 7-5427-3417-2:CNY 48.00 |
| ● |
| 相关链接 |
|
|
|
正题名:掺镜激光晶体材料
索取号:TN244/X735
 
预约/预借
| 序号 | 登录号 | 条形码 | 馆藏地/架位号 | 状态 | 备注 |
| 1 | 608289 | 206082898 | 自科库301/301自科库 25排3列3层/ [索取号:TN244/X735] | 在馆 | |
| 2 | 608290 | 206082905 | 自科库301/301自科库 25排3列3层/ [索取号:TN244/X735] | 在馆 | |
| 3 | 608291 | 206082914 | 自科库301/ [索取号:TN244/X735] | 在馆 |